000 00678nam a22001937a 4500
003 OSt
005 20250826031407.0
008 250826b |||||||| |||| 00| 0 eng d
020 _a13: 978-0-7817-7706-3.
040 _aDWC-Main Lib.
_cOC
082 _27th ed.
100 _aHATFIELD, NANCY T.
245 _aBroadribb's introductory pediatric nursing/
_cHATFIELD, NANCY T.
260 _aPhiladelphia :
_bWolters Kluwer Health/Lippincott Williams & Wilkins,
_cc2008.
300 _axxvi, 694 p. :
_bcol. ill. ;
_c27 cm.
_f1 CD-ROM.
504 _aIncludes bibliographical references and index.
650 _aPediatric nursing.
942 _2ddc
_cBK-CIRC
_e7th ed.
_hCirc.
_n0
999 _c4247
_d4247